Phân tích các nhân tố ảnh hưởng đến việc hạn chế tín dụng chính thức đối với nông hộ tại Tp. Cần Thơ : Luận văn Thạc sĩ Kinh tế. Chuyên ngành Kinh tế nông nghiệp

Phân tích thực trạng hạn chế tín dụng chính thức của nông hộ và các yếu tố ảnh hưởng đến việc hạn chế tín dụng chính thức đối với nông hộ ở thành phố Cần Thơ.

Guardat en:
Dades bibliogràfiques
Autor principal: Tạ, Hồng Sáng
Format: Llibre
Idioma:Undetermined
Publicat: Cần Thơ Trường Đại học Cần Thơ 2017
Matèries:
Etiquetes: Afegir etiqueta
Sense etiquetes, Sigues el primer a etiquetar aquest registre!
Thư viện lưu trữ: Trung tâm Học liệu Trường Đại học Cần Thơ
LEADER 01138nam a2200205Ia 4500
001 CTU_224227
008 210402s9999 xx 000 0 und d
082 |a 332.71 
082 |b S106 
088 |a 60620115 
100 |a Tạ, Hồng Sáng 
245 0 |a Phân tích các nhân tố ảnh hưởng đến việc hạn chế tín dụng chính thức đối với nông hộ tại Tp. Cần Thơ : 
245 0 |b Luận văn Thạc sĩ Kinh tế. Chuyên ngành Kinh tế nông nghiệp 
245 0 |c Tạ Hồng Sáng ; Vương Quốc Duy (Cán bộ hướng dẫn) 
260 |a Cần Thơ 
260 |b Trường Đại học Cần Thơ 
260 |c 2017 
520 |a Phân tích thực trạng hạn chế tín dụng chính thức của nông hộ và các yếu tố ảnh hưởng đến việc hạn chế tín dụng chính thức đối với nông hộ ở thành phố Cần Thơ. 
650 |a Tín dụng nông nghiệp,Agricultural credit 
980 |a Trung tâm Học liệu Trường Đại học Cần Thơ